[Event "San Francisco Benson Memorial"]
[Site "San Francisco"]
[Date "2016.08.02"]
[Round "1"]
[White "Viswanath, Ganesh"]
[Black "Furukawa, Jon"]
[Result "1-0"]
[WhiteElo "2101"]
[BlackElo "1611"]
[PlyCount "69"]
[EventDate "2016.08.02"]
[EventType "swiss"]
[EventRounds "9"]
[EventCountry "USA"]
[SourceTitle "EXT 2018"]
[Source "ChessBase"]
[SourceDate "2017.10.13"]
[SourceVersion "1"]
[SourceVersionDate "2017.10.13"]
[SourceQuality "1"]

1. d4 d5 2. Nf3 Nc6 3. c4 dxc4 4. e3 e6 5. Bxc4 Nf6 6. 0-0 Bd6 7. Nc3 0-0 8. e4 e5 9. d5 Ne7 10. Bg5 Ng6 11. h3 h6 12. Be3 Bd7 13. Re1 Re8 14. Bf1 Bb4 15. Bd2 a6 16. Qb3 Bc5 17. Qxb7 Nh5 18. Be3 Bxe3 19. Rxe3 Rb8 20. Qxa6 Rxb2 21. Rb1 Rxb1 22. Nxb1 Nf6 23. Nc3 Qb8 24. Nb5 Bxb5 25. Qxb5 Qa7 26. Qa6 Qc5 27. Qc4 Qa5 28. a4 Rb8 29. Qa6 Qb4 30. Bc4 Qc5 31. Bb5 Qb4 32. Qa7 Rf8 33. Qxc7 Ne8 34. Bxe8 Rxe8 35. d6 1-0

[Event "San Francisco Leighton Memorial"]
[Site "San Francisco"]
[Date "2015.09.29"]
[Round "9"]
[White "Yamamoto, Craig"]
[Black "Furukawa, Jon"]
[Result "1-0"]
[WhiteElo "1613"]
[BlackElo "1628"]
[PlyCount "103"]
[EventDate "2015.08.04"]
[EventType "swiss"]
[EventRounds "9"]
[EventCountry "USA"]
[SourceTitle "EXT 2023"]
[Source "ChessBase"]
[SourceDate "2022.10.05"]
[SourceVersion "1"]
[SourceVersionDate "2022.10.05"]
[SourceQuality "1"]

1. e4 d6 2. d4 Nf6 3. f3 g6 4. Bc4 Bg7 5. Ne2 0-0 6. 0-0 Na6 7. c3 c5 8. Be3 cxd4 9. Nxd4 d5 10. exd5 Nxd5 11. Bg5 h6 12. Bh4 Ne3 13. Qd3 Nxf1 14. Kxf1 Nc5 15. Qe3 Qc7 16. Qxe7 Nd7 17. Bd5 Qxh2 18. Bf2 Nb6 19. Bb3 Qe5 20. Qb4 Nd5 21. Qb5 Ne3+ 22. Kg1 Qxb5 23. Nxb5 Nf5 24. Nc7 Bd7 25. Nxa8 Rxa8 26. Na3 a6 27. Bd5 Bc6 28. Bxc6 bxc6 29. Nc4 Rb8 30. Re1 Kf8 31. Bc5+ Kg8 32. Kf2 h5 33. Re4 Bf8 34. Bxf8 Kxf8 35. Re5 Rb5 36. Rxb5 cxb5 37. Nb6 Nd6 38. Nd5 g5 39. Nb4 a5 40. Nc6 a4 41. b3 axb3 42. axb3 f5 43. Nd4 Kf7 44. Ke3 f4+ 45. Kd3 Kf6 46. c4 bxc4+ 47. bxc4 g4 48. fxg4 hxg4 49. c5 f3 50. gxf3 gxf3 51. cxd6 f2 52. Ke2 1-0

[Event "San Francisco Leighton Memorial"]
[Site "San Francisco"]
[Date "2015.09.22"]
[Round "8"]
[White "Furukawa, Jon"]
[Black "James, Charles"]
[Result "1-0"]
[WhiteElo "1628"]
[BlackElo "1583"]
[PlyCount "35"]
[EventDate "2015.08.04"]
[EventType "swiss"]
[EventRounds "9"]
[EventCountry "USA"]
[SourceTitle "EXT 2023"]
[Source "ChessBase"]
[SourceDate "2022.10.05"]
[SourceVersion "1"]
[SourceVersionDate "2022.10.05"]
[SourceQuality "1"]

1. d4 d5 2. c4 c6 3. Nf3 Nf6 4. Nc3 dxc4 5. a4 a6 6. e3 Bf5 7. Bxc4 e6 8. 0-0 Nbd7 9. h3 h6 10. Re1 Bb4 11. Bd2 b5 12. axb5 cxb5 13. Bf1 0-0 14. Qb3 Qe7 15. e4 Bh7 16. e5 Ne4 17. Nxe4 Bxe4 18. Bxb4 1-0

[Event "San Francisco TNM Summer op"]
[Site "San Francisco"]
[Date "2015.06.09"]
[Round "3"]
[White "Delaney, Will Fred"]
[Black "Furukawa, Jon"]
[Result "1-0"]
[WhiteElo "1800"]
[BlackElo "1603"]
[PlyCount "65"]
[EventDate "2015.05.26"]
[EventType "swiss"]
[EventRounds "8"]
[EventCountry "USA"]
[SourceTitle "EXT 2016"]
[Source "ChessBase"]
[SourceDate "2015.10.08"]
[SourceVersion "1"]
[SourceVersionDate "2015.10.08"]
[SourceQuality "1"]

1. d4 d5 2. Nf3 Nc6 3. Bf4 e6 4. e3 Nf6 5. Nbd2 Bd6 6. Ne5 0-0 7. Bg3 Bxe5 8. dxe5 Nd7 9. f4 f6 10. exf6 Qxf6 11. c3 e5 12. Bd3 exf4 13. 0-0 Qe5 14. Nf3 Qxe3+ 15. Bf2 Qe7 16. Re1 Qd6 17. Bxh7+ Kh8 18. Bc2 Nf6 19. Nh4 Bd7 20. Ng6+ Kg8 21. b4 Rfe8 22. Qd3 Ne4 23. Nxf4 Qxf4 24. Qxd5+ Be6 25. Qxe4 Qxe4 26. Rxe4 Bd5 27. Rh4 Re2 28. Bh7+ Kf7 29. Rf4+ Ke6 30. c4 Bxg2 31. Kxg2 Rd8 32. Re4+ Rxe4 33. Bxe4 1-0

[Event "San Francisco TNM Winter op"]
[Site "San Francisco"]
[Date "2015.02.10"]
[Round "6"]
[White "Furukawa, Jon"]
[Black "Chan, John"]
[Result "1/2-1/2"]
[WhiteElo "1627"]
[BlackElo "1514"]
[PlyCount "120"]
[EventDate "2015.01.06"]
[EventType "swiss"]
[EventRounds "8"]
[EventCountry "USA"]
[SourceTitle "EXT 2016"]
[Source "ChessBase"]
[SourceDate "2015.10.08"]
[SourceVersion "1"]
[SourceVersionDate "2015.10.08"]
[SourceQuality "1"]

1. e4 e6 2. d4 d5 3. exd5 exd5 4. Nf3 h6 5. Bd3 Be6 6. 0-0 Bd6 7. Re1 Nf6 8. c4 c6 9. Bf5 0-0 10. Bxe6 fxe6 11. c5 Bc7 12. Nc3 b5 13. Qd3 Qe8 14. a3 Qf7 15. Be3 Nbd7 16. Qd2 Ng4 17. h3 Nxe3 18. Rxe3 Bf4 19. Rae1 Bxe3 20. Rxe3 Rae8 21. b4 Qf4 22. Ne2 Qc7 23. Ng3 Nf6 24. Ne5 a6 25. Qe2 Nd7 26. Qg4 Nxe5 27. Rxe5 Qf7 28. Qe2 Qg6 29. Qe3 Rf6 30. Nh5 Rf5 31. Nf4 Rxe5 32. Qxe5 Qf5 33. Qd6 Rf8 34. Nxe6 Qxf2+ 35. Kh2 Rf6 36. Qe5 Qf5 37. Qxf5 Rxf5 38. Kg3 Kf7 39. Nd8+ Ke8 40. Nxc6 Rf1 41. Nb8 Ra1 42. Kf4 Rxa3 43. Ke5 a5 44. bxa5 Rxa5 45. Nc6 Ra4 46. Kxd5 Kd7 47. Ne5+ Kc7 48. c6 b4 49. Kc4 b3+ 50. Kxb3 Rxd4 51. Kc3 Ra4 52. Kd3 Ra2 53. g4 Ra3+ 54. Ke4 Rxh3 55. Kf5 Re3 56. Kf4 Re1 57. Kf5 Re2 58. Nf7 Kxc6 59. Kg6 Kd7 60. Kxg7 Re7 1/2-1/2

[Event "San Francisco TNM Winter op"]
[Site "San Francisco"]
[Date "2015.01.06"]
[Round "1"]
[White "Smith, Mahlon A"]
[Black "Furukawa, Jon"]
[Result "1-0"]
[WhiteElo "2121"]
[BlackElo "1627"]
[PlyCount "101"]
[EventDate "2015.01.06"]
[EventType "swiss"]
[EventRounds "8"]
[EventCountry "USA"]
[SourceTitle "EXT 2016"]
[Source "ChessBase"]
[SourceDate "2015.10.08"]
[SourceVersion "1"]
[SourceVersionDate "2015.10.08"]
[SourceQuality "1"]

1. e4 e5 2. Qh5 d6 3. Bc4 Qe7 4. Ne2 Nf6 5. Qf3 Nc6 6. h3 Bd7 7. 0-0 0-0-0 8. d3 Na5 9. Bb3 Be6 10. Bg5 h6 11. Bxf6 gxf6 12. Ng3 Nc6 13. c3 Kb8 14. Nh5 Bxb3 15. axb3 Qe6 16. Nd2 d5 17. Nxf6 Ne7 18. exd5 Nxd5 19. Nxd5 Qxd5 20. Qxd5 Rxd5 21. Nf3 Bg7 22. Rfd1 Rhd8 23. Ne1 e4 24. Kf1 exd3 25. Rd2 Be5 26. Rad1 Bf4 27. Rxd3 Rxd3 28. Rxd3 Rxd3 29. Nxd3 Bd6 30. Ke2 a5 31. Kf3 Kc8 32. Kg4 Kd7 33. Kh5 Bf8 34. Ne5+ Ke6 35. Ng4 Bc5 36. Kxh6 f5 37. Ne3 b5 38. Kg6 f4 39. Ng4 b4 40. Kg5 Bd6 41. f3 Bc5 42. Kxf4 bxc3 43. bxc3 Bf8 44. Nf2 Bg7 45. Ne4 Kd5 46. Ke3 c5 47. Kd3 c4+ 48. bxc4+ Kc6 49. g4 a4 50. g5 a3 51. Kc2 1-0

[Event "San Francisco TNM Jay Whitehead op"]
[Site "San Francisco"]
[Date "2014.09.16"]
[Round "7"]
[White "Rosenstein, Perry B"]
[Black "Furukawa, Jon"]
[Result "1-0"]
[WhiteElo "1767"]
[BlackElo "1531"]
[PlyCount "57"]
[EventDate "2014.08.05"]
[EventType "swiss"]
[EventRounds "9"]
[EventCountry "USA"]
[SourceTitle "EXT 2016"]
[Source "ChessBase"]
[SourceDate "2015.10.08"]
[SourceVersion "1"]
[SourceVersionDate "2015.10.08"]
[SourceQuality "1"]

1. e4 e5 2. Nf3 Nc6 3. Bc4 Bc5 4. c3 d6 5. d4 exd4 6. cxd4 Bb4+ 7. Nc3 Nge7 8. d5 Bxc3+ 9. bxc3 Ne5 10. Nxe5 dxe5 11. 0-0 0-0 12. f4 exf4 13. Bxf4 Ng6 14. Bg3 Qg5 15. Qd4 c5 16. Qxc5 Ne5 17. Bb3 Ng4 18. Rae1 Ne5 19. Qd4 Re8 20. d6 Be6 21. Bxe6 Rxe6 22. Rf5 Nc6 23. Rxg5 Nxd4 24. cxd4 Kf8 25. Rd5 Rd8 26. Rc5 Ke8 27. Rc7 Rd7 28. e5 f6 29. d5 1-0

[Event "San Francisco TNM Jay Whitehead op"]
[Site "San Francisco"]
[Date "2014.08.14"]
[Round "2"]
[White "Ayinala, Nihar"]
[Black "Furukawa, Jon"]
[Result "0-1"]
[WhiteElo "841"]
[BlackElo "1531"]
[PlyCount "101"]
[EventDate "2014.08.05"]
[EventType "swiss"]
[EventRounds "9"]
[EventCountry "USA"]
[SourceTitle "EXT 2016"]
[Source "ChessBase"]
[SourceDate "2015.10.08"]
[SourceVersion "1"]
[SourceVersionDate "2015.10.08"]
[SourceQuality "1"]

1. c4 c5 2. Nc3 Nf6 3. g3 e6 4. Bg2 Nc6 5. e3 Be7 6. Nge2 d5 7. cxd5 exd5 8. 0-0 0-0 9. d3 Rb8 10. e4 dxe4 11. Nxe4 Bf5 12. Bf4 Rc8 13. Rc1 Nxe4 14. dxe4 Bg4 15. Qxd8 Rfxd8 16. Nc3 Nd4 17. f3 Be6 18. Rfd1 b6 19. a4 a6 20. Bf1 Nxf3+ 21. Kg2 Rxd1 22. Rxd1 Nd4 23. Bxa6 Ra8 24. Bb7 Ra7 25. Bd5 Bf6 26. Bxe6 fxe6 27. Nb5 Rxa4 28. Nxd4 Bxd4 29. b3 Ra2+ 30. Kh1 e5 31. Rd2 Ra1+ 32. Kg2 exf4 33. b4 fxg3 34. hxg3 Re1 35. Kf3 Re3+ 36. Kf4 Rb3 37. bxc5 Be3+ 38. Ke5 Bxd2 39. c6 Rc3 40. Kd6 Be1 41. c7 Bxg3+ 42. Kd7 Rxc7+ 43. Ke8 Rc8+ 44. Ke7 b5 45. Kd7 Rb8 46. Kc6 b4 47. Kc5 b3 48. Kc4 b2 49. Kd4 b1Q 50. e5 Rd8+ 51. Kc5 0-1

[Event "San Francisco TNM Summer op"]
[Site "San Francisco"]
[Date "2014.07.15"]
[Round "8"]
[White "Furukawa, Jon"]
[Black "Yamamoto, Shu"]
[Result "1/2-1/2"]
[WhiteElo "1515"]
[BlackElo "1772"]
[PlyCount "75"]
[EventDate "2014.05.27"]
[EventType "swiss"]
[EventRounds "8"]
[EventCountry "USA"]
[SourceTitle "EXT 2016"]
[Source "ChessBase"]
[SourceDate "2015.10.08"]
[SourceVersion "1"]
[SourceVersionDate "2015.10.08"]
[SourceQuality "1"]

1. e4 c5 2. c3 d5 3. exd5 Qxd5 4. d4 Nc6 5. Nf3 Bg4 6. Be2 cxd4 7. cxd4 e6 8. Nc3 Qa5 9. 0-0 Nf6 10. h3 Bh5 11. a3 Bd6 12. Nb5 Bb8 13. b4 Qb6 14. Be3 Nd5 15. Rc1 0-0 16. Nc3 Nce7 17. Ne5 Bxe2 18. Nxe2 Bxe5 19. dxe5 Nxe3 20. fxe3 Qxe3+ 21. Kh1 Qxa3 22. Qd7 Qxb4 23. Rf4 Qb2 24. Qxe7 Qxe2 25. Rcf1 Qh5 26. Kh2 Qxe5 27. Kh1 f6 28. Qxb7 Rfb8 29. Qe7 a5 30. Rd4 g6 31. Rc4 Rc8 32. Rxc8+ Rxc8 33. Rd1 f5 34. Rd8+ Rxd8 35. Qxd8+ Kg7 36. Qe7+ Kh6 37. Qh4+ Kg7 38. Qe7+ 1/2-1/2

[Event "San Francisco TNM Spring op"]
[Site "San Francisco"]
[Date "2014.05.06"]
[Round "8"]
[White "Furukawa, Jon"]
[Black "Chalissery, Jossy"]
[Result "1/2-1/2"]
[WhiteElo "1533"]
[BlackElo "1723"]
[PlyCount "107"]
[EventDate "2014.03.18"]
[EventType "swiss"]
[EventRounds "8"]
[EventCountry "USA"]
[SourceTitle "EXT 2016"]
[Source "ChessBase"]
[SourceDate "2015.10.08"]
[SourceVersion "1"]
[SourceVersionDate "2015.10.08"]
[SourceQuality "1"]

1. e4 c5 2. c3 d5 3. exd5 Qxd5 4. d4 Nc6 5. Nf3 Bg4 6. Be2 cxd4 7. 0-0 Nf6 8. cxd4 e6 9. Nc3 Qa5 10. Be3 Bb4 11. Qb3 0-0 12. Rac1 Ne7 13. h3 Bh5 14. a3 Bxc3 15. bxc3 Ned5 16. c4 Nxe3 17. Qxe3 Rfd8 18. Rfd1 Rac8 19. Ne5 Bxe2 20. Qxe2 Rd6 21. Qf3 Rb6 22. g4 h6 23. h4 Rc7 24. g5 hxg5 25. hxg5 Ne8 26. Kg2 Rb2 27. c5 Qb5 28. Nc4 Rb3 29. Rd3 Rxd3 30. Qxd3 Qc6+ 31. Qf3 Qxf3+ 32. Kxf3 Rd7 33. Rd1 Nc7 34. Ne5 Re7 35. c6 Nd5 36. Rc1 bxc6 37. Rxc6 Rc7 38. Rxc7 Nxc7 39. Nc6 a6 40. Ke4 Kf8 41. f4 Ke8 42. f5 exf5+ 43. Kxf5 Kd7 44. Ne5+ Ke7 45. a4 Nd5 46. Nc6+ Kd6 47. Ne5 f6 48. gxf6 gxf6 49. Nc4+ Kc6 50. Na5+ Kd7 51. Nc4 Nc3 52. Kxf6 Nxa4 53. Ke5 Nc3 54. d5 1/2-1/2

[Event "San Francisco TNM Spring op"]
[Site "San Francisco"]
[Date "2014.03.18"]
[Round "1"]
[White "Furukawa, Jon"]
[Black "Thornally, Frank"]
[Result "0-1"]
[WhiteElo "1533"]
[BlackElo "2200"]
[PlyCount "50"]
[EventDate "2014.03.18"]
[EventType "swiss"]
[EventRounds "8"]
[EventCountry "USA"]
[SourceTitle "EXT 2016"]
[Source "ChessBase"]
[SourceDate "2015.10.08"]
[SourceVersion "1"]
[SourceVersionDate "2015.10.08"]
[SourceQuality "1"]

1. e4 e5 2. Nf3 Nc6 3. Bc4 Nf6 4. Nc3 Nxe4 5. Nxe4 d5 6. Bxd5 Qxd5 7. Nc3 Qa5 8. d3 Bg4 9. h3 Bh5 10. Bd2 0-0-0 11. Ne4 Qd5 12. Bc3 Be7 13. g4 Bg6 14. Qe2 h5 15. Nfd2 hxg4 16. Qxg4+ Kb8 17. Rg1 Rh4 18. Qg3 Rdh8 19. Bxe5 Nxe5 20. Nc3 Qe6 21. 0-0-0 Rxh3 22. Qg2 Rxd3 23. Rge1 Rxc3 24. bxc3 Qxa2 25. Ne4 Nc4 0-1

[Event "San Francisco TNM Winter op"]
[Site "San Francisco"]
[Date "2014.02.04"]
[Round "5"]
[White "Furukawa, Jon"]
[Black "Potharam, Eitetsu I"]
[Result "0-1"]
[WhiteElo "1533"]
[BlackElo "1824"]
[PlyCount "60"]
[EventDate "2014.01.07"]
[EventType "swiss"]
[EventRounds "8"]
[EventCountry "USA"]
[SourceTitle "EXT 2016"]
[Source "ChessBase"]
[SourceDate "2015.10.08"]
[SourceVersion "1"]
[SourceVersionDate "2015.10.08"]
[SourceQuality "1"]

1. e4 e6 2. d4 d5 3. e5 c5 4. c3 Nc6 5. Nf3 Qb6 6. Bd3 Bd7 7. 0-0 cxd4 8. cxd4 Nxd4 9. Nxd4 Qxd4 10. Nc3 Qb6 11. Qe2 a6 12. a3 Rc8 13. Bc2 Qc7 14. Bd2 d4 15. Nd5 exd5 16. Rac1 Qd8 17. f4 Bc5 18. Bd3 Ne7 19. Rxc5 Rxc5 20. f5 0-0 21. f6 Ng6 22. h4 Re8 23. Bxg6 hxg6 24. Bg5 Bb5 25. Qf3 Bxf1 26. Bh6 gxh6 27. Qf4 Kh7 28. h5 g5 29. Qf5+ Kh8 30. e6 Rxe6 0-1

[Event "San Francisco Neil Falconer op"]
[Site "San Francisco"]
[Date "2013.10.01"]
[Round "9"]
[White "Furukawa, Jon"]
[Black "Standen, Julian"]
[Result "1/2-1/2"]
[WhiteElo "1489"]
[BlackElo "1625"]
[PlyCount "65"]
[EventDate "2013.08.06"]
[EventType "swiss"]
[EventRounds "9"]
[EventCountry "USA"]
[SourceTitle "EXT 2016"]
[Source "ChessBase"]
[SourceDate "2015.10.08"]
[SourceVersion "1"]
[SourceVersionDate "2015.10.08"]
[SourceQuality "1"]

1. e4 d5 2. exd5 Qxd5 3. Nc3 Qa5 4. d4 Bf5 5. Nf3 Nf6 6. Bd2 c6 7. Bc4 e6 8. Ne4 Qc7 9. Ng3 Bg4 10. h3 Bxf3 11. Qxf3 Bd6 12. 0-0 Nbd7 13. Rfe1 0-0 14. Ne2 Rfe8 15. Bg5 c5 16. Bb5 Be7 17. Bf4 Qb6 18. Bxd7 Nxd7 19. b3 Nf6 20. Rad1 Rad8 21. Be5 Qc6 22. Qxc6 bxc6 23. dxc5 Bxc5 24. Nd4 Bxd4 25. Bxd4 a6 26. Rd3 Nd5 27. Red1 Nb4 28. R3d2 Nxa2 29. c3 c5 30. Rxa2 cxd4 31. Rxd4 Rxd4 32. cxd4 Rd8 33. Rxa6 1/2-1/2

[Event "San Francisco Neil Falconer op"]
[Site "San Francisco"]
[Date "2013.08.27"]
[Round "4"]
[White "Furukawa, Jon"]
[Black "Newey, Richard H"]
[Result "0-1"]
[WhiteElo "1489"]
[BlackElo "1842"]
[PlyCount "64"]
[EventDate "2013.08.06"]
[EventType "swiss"]
[EventRounds "9"]
[EventCountry "USA"]
[SourceTitle "EXT 2016"]
[Source "ChessBase"]
[SourceDate "2015.10.08"]
[SourceVersion "1"]
[SourceVersionDate "2015.10.08"]
[SourceQuality "1"]

1. e4 c5 2. d4 cxd4 3. c3 e5 4. cxd4 exd4 5. Nf3 Bc5 6. Bd3 d6 7. 0-0 Nc6 8. Bf4 Bg4 9. Nbd2 Nge7 10. h3 Bh5 11. Rc1 Rc8 12. Nb3 Qb6 13. Qe2 0-0 14. e5 Bxf3 15. Qxf3 Nxe5 16. Bxe5 dxe5 17. Qh5 f5 18. Nxc5 Rxc5 19. b3 Qc7 20. Bc4+ Kh8 21. Qg5 Rf6 22. Qh5 Ng6 23. Qd1 Rfc6 24. a4 a6 25. Rb1 Nf4 26. g3 Nxh3+ 27. Kh2 Rh6 28. Kg2 Qc6+ 29. f3 Nf4+ 30. gxf4 Qg6+ 31. Kf2 Rh2+ 32. Ke1 Qg3+ 0-1

[Event "San Francisco TNM Spring op"]
[Site "San Francisco"]
[Date "2012.04.10"]
[Round "5"]
[White "Furukawa, Jon"]
[Black "Royzen, Igor"]
[Result "0-1"]
[WhiteElo "1275"]
[BlackElo "1849"]
[PlyCount "76"]
[EventDate "2012.03.13"]
[EventType "swiss"]
[EventRounds "8"]
[EventCountry "USA"]
[SourceTitle "EXT 2014"]
[Source "ChessBase"]
[SourceDate "2013.11.20"]
[SourceVersion "1"]
[SourceVersionDate "2013.11.20"]
[SourceQuality "1"]

1. e4 c5 2. d4 cxd4 3. c3 Nf6 4. e5 Nd5 5. Bc4 Nb6 6. Bb3 Nc6 7. Nf3 d5 8. cxd4 Bf5 9. Nc3 e6 10. 0-0 Be7 11. h3 0-0 12. a3 Na5 13. Be3 Nbc4 14. Bxc4 Nxc4 15. Qe2 Rc8 16. Rac1 Qa5 17. Bg5 Bxg5 18. Nxg5 Qb6 19. Rfd1 Nxb2 20. Nb5 Nxd1 21. Rxd1 Rc2 22. Qf1 h6 23. Nf3 Rfc8 24. Nd6 R8c3 25. Nxf5 exf5 26. e6 fxe6 27. Ne5 Qb2 28. Rb1 Qxb1 29. Qxb1 Rc1+ 30. Qxc1 Rxc1+ 31. Kh2 Ra1 32. Nd3 b6 33. g4 g6 34. Nf4 Kf7 35. h4 Rxa3 36. Kg2 Rc3 37. f3 a5 38. Kf2 a4 0-1

[Event "San Francisco TNM Spring op"]
[Site "San Francisco"]
[Date "2012.03.27"]
[Round "3"]
[White "Furukawa, Jon"]
[Black "Cole, Tony"]
[Result "1-0"]
[WhiteElo "1275"]
[BlackElo "1484"]
[PlyCount "99"]
[EventDate "2012.03.13"]
[EventType "swiss"]
[EventRounds "8"]
[EventCountry "USA"]
[SourceTitle "EXT 2014"]
[Source "ChessBase"]
[SourceDate "2013.11.20"]
[SourceVersion "1"]
[SourceVersionDate "2013.11.20"]
[SourceQuality "1"]

1. e4 e5 2. Nf3 Nc6 3. Bc4 Nf6 4. Nc3 h6 5. 0-0 Bc5 6. h3 d6 7. Re1 g5 8. Nh2 Nd4 9. d3 Qe7 10. Nd5 Nxd5 11. Bxd5 c6 12. Bc4 Be6 13. Ng4 h5 14. Bxe6 Qxe6 15. Ne3 0-0-0 16. c3 Nb5 17. Nf5 Rdg8 18. d4 exd4 19. cxd4 Bb6 20. Be3 d5 21. a4 Nd6 22. Nxd6+ Qxd6 23. exd5 Qxd5 24. Rc1 f5 25. b4 a6 26. b5 axb5 27. axb5 f4 28. bxc6 bxc6 29. Qa4 fxe3 30. Rxc6+ Kb7 31. Rxb6+ Kxb6 32. fxe3 Qb5 33. Qa2 Ra8 34. Qe6+ Kb7 35. Rf1 Rac8 36. Rf7+ Rc7 37. Qe4+ Qc6 38. Rxc7+ Kxc7 39. Qe5+ Kb7 40. Qxh8 h4 41. Qe5 Qc1+ 42. Kh2 Qc7 43. Qxc7+ Kxc7 44. g3 Kd6 45. gxh4 gxh4 46. Kg2 Kd5 47. Kf3 Ke6 48. Kg4 Kf6 49. Kxh4 Ke6 50. e4 1-0